[Event "IECC CL7-2009.04 email"]
[Site "IECC email"]
[Date "2009.06.30"]
[Round "?"]
[White "Jolette, Daniel"]
[Black "D'Aragona, Vittoria"]
[Result "1-0"]
[WhiteElo "1211"]
[BlackElo "1991"]
[PlyCount "47"]
[EventDate "2009.??.??"]
[EventType "tourn (corr)"]
[EventRounds "4"]
[SourceTitle "Telechess CBM 137"]
[Source "ChessBase"]
[SourceDate "2010.07.15"]
[SourceVersion "1"]
[SourceVersionDate "2010.07.15"]
[SourceQuality "1"]
[WhiteTeam "Canada"]
[BlackTeam "Italy"]
[WhiteTeamCountry "CAN"]
[BlackTeamCountry "ITA"]

1. d4 Nf6 2. e3 e6 3. Nf3 Be7 4. c4 0-0 5. Nc3 Nc6 6. Bd3 Nb4 7. 0-0 Nxd3 8. Qxd3 d5 9. b3 dxc4 10. bxc4 b6 11. Qe2 Bb7 12. Bb2 a6 13. Ne5 Nd7 14. Nf3 b5 15. cxb5 axb5 16. Nd2 Bh4 17. Nxb5 Ba6 18. a4 c6 19. Bc3 cxb5 20. axb5 Bxb5 21. Qxb5 Rxa1 22. Bxa1 Qb6 23. Qxd7 Rd8 24. Qa4 1-0

[Event "IECC CL7-2009.02 email"]
[Site "IECC email"]
[Date "2009.02.10"]
[Round "?"]
[White "Jolette, Daniel"]
[Black "Baker, Tim"]
[Result "1-0"]
[WhiteElo "1184"]
[BlackElo "1143"]
[PlyCount "57"]
[EventDate "2009.??.??"]
[EventType "tourn (corr)"]
[EventRounds "4"]
[SourceTitle "Corr 2011"]
[Source "ChessBase"]
[SourceDate "2010.08.31"]
[SourceVersion "1"]
[SourceVersionDate "2010.08.31"]
[SourceQuality "1"]
[WhiteTeam "Canada"]
[BlackTeam "US of America"]
[WhiteTeamCountry "CAN"]
[BlackTeamCountry "USA"]

1. d4 f5 2. e3 e6 3. Nf3 Nf6 4. c4 d5 5. Bd3 c6 6. 0-0 dxc4 7. Bxc4 b5 8. Bd3 Bd6 9. Nc3 0-0 10. b3 Nbd7 11. h3 Bb7 12. Bb2 Rc8 13. Qd2 Nd5 14. Ng5 Qxg5 15. Nxd5 cxd5 16. Qa5 a6 17. Bc1 Rf6 18. e4 Qh5 19. e5 Bc7 20. Qd2 Rg6 21. Be2 Qxh3 22. Bf3 Bxe5 23. g3 Rh6 24. Re1 Bd6 25. Qe2 Qh2+ 26. Kf1 Rh3 27. Qxe6+ Kh8 28. Qxd7 Bxg3 29. Re8+ 1-0

[Event "IECC CL6-2008.03 email"]
[Site "IECC email"]
[Date "2008.04.20"]
[Round "?"]
[White "Jolette, Daniel"]
[Black "Hargreaves, John Richard"]
[Result "0-1"]
[WhiteElo "1210"]
[BlackElo "1383"]
[PlyCount "74"]
[EventDate "2008.??.??"]
[EventType "tourn (corr)"]
[EventRounds "4"]
[SourceTitle "Corr 2013"]
[Source "ChessBase"]
[SourceDate "2012.11.12"]
[SourceVersion "1"]
[SourceVersionDate "2012.11.12"]
[SourceQuality "1"]
[WhiteTeam "England"]
[BlackTeam "US of America"]
[WhiteTeamCountry "ENG"]
[BlackTeamCountry "USA"]

1. d4 d5 2. c4 e6 3. Nc3 Nf6 4. Bg5 Be7 5. Nf3 Nc6 6. e3 0-0 7. cxd5 exd5 8. Bb5 h6 9. Bh4 Ne4 10. Bxe7 Nxe7 11. 0-0 Nxc3 12. bxc3 Bf5 13. Bd3 Qc8 14. Re1 Re8 15. c4 Bxd3 16. Qxd3 Qe6 17. cxd5 Nxd5 18. Rab1 Rab8 19. h3 c6 20. Nd2 Re7 21. Nc4 Rc8 22. Rb2 f6 23. Rd2 Nb4 24. Qb3 Nd5 25. Kh2 b5 26. Nb2 a5 27. e4 Qd6+ 28. g3 a4 29. Qd1 Rce8 30. Qc1 Rxe4 31. Rxe4 Rxe4 32. Nd1 Re1 33. Qc2 Nb4 34. Qb2 Qd5 35. f3 Qxf3 36. Rg2 Qxd1 37. g4 Rh1+ 0-1

[Event "IECC KO-1071"]
[Site "IECC email"]
[Date "2007.11.02"]
[Round "?"]
[White "Mitra, Rian"]
[Black "Jolette, Daniel"]
[Result "0-1"]
[WhiteElo "993"]
[BlackElo "1218"]
[PlyCount "70"]
[EventDate "2007.??.??"]
[EventType "match (corr)"]
[EventRounds "2"]
[SourceTitle "Corr 2020"]
[Source "ChessBase"]
[SourceDate "2019.09.30"]
[SourceVersion "1"]
[SourceVersionDate "2019.09.30"]
[SourceQuality "1"]
[WhiteTeam "Canada"]
[BlackTeam "Canada"]
[WhiteTeamCountry "CAN"]
[BlackTeamCountry "CAN"]

1. e4 Nc6 2. d4 d5 3. e5 e6 4. Nf3 Nge7 5. Bf4 Ng6 6. Bg5 Be7 7. Bxe7 Qxe7 8. Bd3 Nf4 9. Nc3 Nxg2+ 10. Kf1 Nh4 11. Rg1 Nxf3 12. Qxf3 0-0 13. Re1 Nb4 14. a3 Nxd3 15. cxd3 f6 16. b4 fxe5 17. Qh3 exd4 18. Na4 b6 19. Rg4 e5 20. b5 Bxg4 21. Qxg4 Qxa3 22. Qg3 Qxa4 23. Rxe5 Rae8 24. Rh5 Qd1+ 25. Kg2 Qxh5 26. h3 Re7 27. f3 Ref7 28. h4 Qe5 29. f4 Qe2+ 30. Qf2 Qg4+ 31. Kh1 Rxf4 32. Qg2 Qd1+ 33. Kh2 Rf2 34. Qxf2 Rxf2+ 35. Kh3 Qf3# 0-1

[Event "IECC Swiss-521.2"]
[Site "IECC email"]
[Date "2007.08.23"]
[Round "?"]
[White "Jolette, Daniel"]
[Black "Nocera, Mike"]
[Result "1-0"]
[WhiteElo "1169"]
[BlackElo "1481"]
[PlyCount "37"]
[EventDate "2007.??.??"]
[EventType "swiss (corr)"]
[EventRounds "1"]
[SourceTitle "Corr 2020"]
[Source "ChessBase"]
[SourceDate "2019.09.30"]
[SourceVersion "1"]
[SourceVersionDate "2019.09.30"]
[SourceQuality "1"]
[WhiteTeam "Canada"]
[BlackTeam "United States"]
[WhiteTeamCountry "CAN"]
[BlackTeamCountry "USA"]

1. d4 Nf6 2. c4 e6 3. Nf3 d5 4. e3 Bb4+ 5. Bd2 Bd6 6. c5 Be7 7. Bd3 0-0 8. 0-0 Bd7 9. Nc3 Nc6 10. Ne2 b6 11. b4 a5 12. b5 Nb4 13. Qb3 Nxd3 14. Qxd3 c6 15. bxc6 Bxc6 16. cxb6 Qxb6 17. Rab1 Qc7 18. Rfc1 Ne4 19. Ne5 1-0

[Event "IECC CL7-2007.10 email"]
[Site "IECC email"]
[Date "2007.08.17"]
[Round "?"]
[White "Jolette, Daniel"]
[Black "Reni, Norbert"]
[Result "1-0"]
[WhiteElo "1202"]
[BlackElo "1061"]
[PlyCount "85"]
[EventDate "2007.??.??"]
[EventType "tourn (corr)"]
[EventRounds "4"]
[SourceTitle "Corr 2020"]
[Source "ChessBase"]
[SourceDate "2019.09.30"]
[SourceVersion "1"]
[SourceVersionDate "2019.09.30"]
[SourceQuality "1"]
[WhiteTeam "Canada"]
[BlackTeam "Australia"]
[WhiteTeamCountry "CAN"]
[BlackTeamCountry "AUS"]

1. d4 d5 2. Nf3 Nf6 3. c4 e6 4. c5 g6 5. Nc3 Bg7 6. Bf4 a6 7. e3 Nc6 8. Bd3 Nb4 9. Qa4+ Nc6 10. Ne5 0-0 11. Nxc6 bxc6 12. Qxc6 Bd7 13. Qb7 Qc8 14. Qxc7 Qxc7 15. Bxc7 Ne8 16. Bf4 Bf6 17. Ne2 Bc6 18. b4 Ra7 19. 0-0 Kg7 20. a4 Nc7 21. Nc3 Rb8 22. b5 axb5 23. axb5 Rba8 24. Rxa7 Rxa7 25. bxc6 g5 26. Bg3 Bd8 27. Bxc7 Rxc7 28. Bb5 Ra7 29. Ba4 Ba5 30. Nb5 Ra6 31. Nd6 Kf8 32. Rb1 Bd8 33. Bb5 Ra8 34. Bd3 h5 35. Nb5 Rc8 36. Na7 Rc7 37. Rb7 Re7 38. Nb5 Ke8 39. Bc2 f6 40. Bg6+ Kf8 41. Rb8 Kg7 42. Rxd8 Kxg6 43. c7 1-0

[Event "IECC CL7-2005.14 email"]
[Site "IECC email"]
[Date "2005.09.21"]
[Round "?"]
[White "Jolette, Daniel"]
[Black "Goins, Jonathan"]
[Result "1-0"]
[WhiteElo "1158"]
[BlackElo "976"]
[PlyCount "21"]
[EventDate "2005.??.??"]
[EventType "tourn (corr)"]
[EventRounds "4"]
[SourceTitle "Corr 2020"]
[Source "ChessBase"]
[SourceDate "2019.09.30"]
[SourceVersion "1"]
[SourceVersionDate "2019.09.30"]
[SourceQuality "1"]
[WhiteTeam "Canada"]
[BlackTeam "United States"]
[WhiteTeamCountry "CAN"]
[BlackTeamCountry "USA"]

1. d4 d5 2. Nc3 Nf6 3. Bg5 Bg4 4. Bxf6 gxf6 5. g3 Nc6 6. Bg2 e5 7. Nf3 Bb4 8. 0-0 Qd7 9. e4 Nxd4 10. Nxd5 Bc5 11. Nxf6+ 1-0

[Event "IECC CL7-2005.14 email"]
[Site "IECC email"]
[Date "2005.09.21"]
[Round "?"]
[White "Simmons, Ernest"]
[Black "Jolette, Daniel"]
[Result "0-1"]
[WhiteElo "1054"]
[BlackElo "1146"]
[PlyCount "32"]
[EventDate "2005.??.??"]
[EventType "tourn (corr)"]
[EventRounds "4"]
[SourceTitle "Corr 2008"]
[Source "ChessBase"]
[SourceDate "2008.06.24"]
[SourceVersion "1"]
[SourceVersionDate "2008.06.24"]
[SourceQuality "1"]

1. Nf3 d5 2. d4 Bg4 3. e3 Nf6 4. Be2 e6 5. a3 Bd6 6. Nc3 a6 7. 0-0 Nc6 8. Bd2 0-0 9. Re1 Ne4 10. h3 Bh5 11. Nb1 Qf6 12. c3 Qg6 13. Nh4 Qg5 14. Bxh5 Qxh4 15. Qg4 Qxf2+ 16. Kh1 Ng3+ 0-1

[Event "IECC KO-1041"]
[Site "IECC email"]
[Date "2003.11.24"]
[Round "?"]
[White "Depasse, Jean Marc"]
[Black "Jolette, Daniel"]
[Result "1-0"]
[WhiteElo "1465"]
[BlackElo "1099"]
[PlyCount "91"]
[EventDate "2003.??.??"]
[EventType "match (corr)"]
[EventRounds "2"]
[SourceTitle "Corr 2020"]
[Source "ChessBase"]
[SourceDate "2019.09.30"]
[SourceVersion "1"]
[SourceVersionDate "2019.09.30"]
[SourceQuality "1"]
[WhiteTeam "France"]
[BlackTeam "Canada"]
[WhiteTeamCountry "FRA"]
[BlackTeamCountry "CAN"]

1. e4 e5 2. Nf3 Nc6 3. Bb5 Nf6 4. 0-0 a6 5. Bxc6 dxc6 6. Nxe5 Nxe4 7. Re1 Bf5 8. Nc3 Bd6 9. Nf3 Qe7 10. d3 0-0-0 11. Qe2 Nxc3 12. Qxe7 Bxe7 13. Rxe7 Nd5 14. Rxf7 g6 15. Bg5 Rde8 16. Re1 Rxe1+ 17. Nxe1 Nb4 18. a3 Re8 19. Re7 Rxe7 20. Bxe7 Nd5 21. Bg5 b5 22. Nf3 c5 23. Ne5 Nb6 24. h3 Nd7 25. Nc6 Be6 26. Be3 c4 27. dxc4 Bxc4 28. b3 Be6 29. g4 Nb6 30. Bxb6 cxb6 31. f4 Kc7 32. Nd4 Bc8 33. Kf2 Kd6 34. Ke3 Kd5 35. c3 Bd7 36. Kd3 Kc5 37. Ke4 a5 38. f5 b4 39. axb4+ axb4 40. c4 Be8 41. Nb5 gxf5+ 42. gxf5 Bxb5 43. cxb5 Kd6 44. Kf4 Kd5 45. Kg5 Kd6 46. Kf6 1-0

[Event "IECC CL8-2003.13 email"]
[Site "IECC email"]
[Date "2003.06.11"]
[Round "?"]
[White "Jolette, Daniel"]
[Black "Johnson, Aaron"]
[Result "1-0"]
[WhiteElo "1009"]
[BlackElo "903"]
[PlyCount "67"]
[EventDate "2003.??.??"]
[EventType "tourn (corr)"]
[EventRounds "4"]
[SourceTitle "Corr 2008"]
[Source "ChessBase"]
[SourceDate "2008.06.24"]
[SourceVersion "1"]
[SourceVersionDate "2008.06.24"]
[SourceQuality "1"]

1. d4 Nf6 2. Nf3 d5 3. Bg5 Nc6 4. e3 Bg4 5. Bb5 a6 6. Ba4 e6 7. Nbd2 Bb4 8. a3 Bxd2+ 9. Qxd2 Qd6 10. Qd3 0-0-0 11. Bf4 Qe7 12. 0-0 Bxf3 13. gxf3 Nh5 14. Rfe1 Na5 15. Be5 Nc4 16. Bg3 Nxb2 17. Qb3 Nc4 18. Qc3 Qf6 19. e4 b5 20. exd5 exd5 21. Bb3 Qg6 22. Kg2 Nf4+ 23. Kf1 Qh6 24. h4 g5 25. a4 gxh4 26. Bh2 Rhg8 27. Bxc4 dxc4 28. Re4 Nd5 29. Qa5 Qg5 30. Qxa6+ Kd7 31. axb5 Qg2+ 32. Ke1 Qxf3 33. Qc6+ Kc8 34. Ra8# 1-0